[Event "Cergy Pontoise-Bois Colombes II"]
[Site "Pontoise"]
[Date "2008.02.10"]
[Round "7.8"]
[White "Frih, Ameur"]
[Black "Routier, Laurie"]
[Result "1-0"]
[WhiteElo "2112"]
[BlackElo "1890"]
[PlyCount "65"]
[EventDate "2008.02.10"]
[SourceDate "2007.10.25"]

1. e4 d5 2. exd5 Qxd5 3. Nc3 Qa5 4. d4 Nf6 5. Bc4 Bf5 6. Bd2 c6 7. Nd5 Qd8 8.
Nxf6+ gxf6 9. Nf3 Nd7 10. c3 Nb6 11. Be2 e6 12. Qb3 Qd7 13. Nh4 Be4 14. f3 Bg6
15. O-O-O O-O-O 16. f4 Be4 17. f5 Bd5 18. c4 Be4 19. Rhf1 Be7 20. Rf4 Bxf5 21.
Nxf5 exf5 22. Bd3 Qc7 23. Bxf5+ Nd7 24. c5 Kb8 25. Qxf7 Nxc5 26. Re1 Rhe8 27.
dxc5 Rxd2 28. Rfe4 Rdd8 29. g3 Qa5 30. Rxe7 Qxc5+ 31. Bc2 Rxe7 32. Qxe7 Qd4 33.
Rd1 1-0

[Event "Lisieux-Gonfreville l'Orcher II"]
[Site "Lisieux"]
[Date "2008.02.10"]
[Round "7.1"]
[White "Decosse, Jean Fabien"]
[Black "Jeanne, Mickael"]
[Result "1-0"]
[WhiteElo "2239"]
[BlackElo "2230"]
[PlyCount "53"]
[EventDate "2008.10.02"]
[SourceDate "2007.10.25"]

1. d4 e6 2. c4 Nf6 3. Nc3 d5 4. cxd5 exd5 5. Bg5 c6 6. e3 Nbd7 7. Bd3 Be7 8.
Qc2 O-O 9. Nge2 Re8 10. O-O Nf8 11. Rae1 g6 12. f3 Ne6 13. Bh4 c5 14. dxc5 Nxc5
15. Bb5 Rf8 16. Rd1 Ncd7 17. Bxd7 Bxd7 18. Bxf6 Bxf6 19. Nxd5 Bg7 20. Nec3 Bc6
21. Qd3 Qa5 22. e4 Rad8 23. Qc4 Bxd5 24. Nxd5 Bxb2 25. Rb1 b5 26. Qc5 Qxa2 27.
Qf2 1-0

[Event "Lisieux-Gonfreville l'Orcher II"]
[Site "Lisieux"]
[Date "2008.02.10"]
[Round "7.2"]
[White "Vaugeois, Cyrille"]
[Black "Marie, Maxime"]
[Result "0-1"]
[WhiteElo "2182"]
[BlackElo "2238"]
[PlyCount "70"]
[EventDate "2008.10.02"]
[SourceDate "2007.10.25"]

1. e4 c5 2. Nf3 Nc6 3. Bb5 e6 4. Bxc6 bxc6 5. e5 f6 6. O-O fxe5 7. Nxe5 Nf6 8.
d3 d6 9. Nc4 Be7 10. Qe2 O-O 11. h3 Nd5 12. f4 Kh8 13. Nc3 Nxc3 14. bxc3 Bf6
15. Bd2 Re8 16. Qf3 Qc7 17. g4 g6 18. Rae1 Rf8 19. Re2 Bd7 20. Qg3 Rae8 21.
Ref2 Bg7 22. f5 exf5 23. Nxd6 Bc8 24. Bf4 g5 25. Nxe8 gxf4 26. Nxc7 fxg3 27.
Re2 f4 28. Kg2 Bxc3 29. Ne6 Bxe6 30. Rxe6 Bd2 31. Kf3 Rb8 32. Rxc6 Be3 33. Re1
Rb2 34. Re2 Rb1 35. Re6 Rf1+ 0-1

[Event "Lisieux-Gonfreville l'Orcher II"]
[Site "Lisieux"]
[Date "2008.02.10"]
[Round "7.3"]
[White "Coursaget, Nicolas"]
[Black "Mandon, Fabrice"]
[Result "1-0"]
[WhiteElo "2315"]
[BlackElo "2253"]
[PlyCount "91"]
[EventDate "2008.10.02"]
[SourceDate "2007.10.25"]

1. d4 Nf6 2. Nf3 g6 3. Nc3 d5 4. Bf4 Bg7 5. e3 O-O 6. Be2 c5 7. Ne5 Nc6 8. h4
cxd4 9. exd4 Qb6 10. Nb5 Nxe5 11. Bxe5 Bd7 12. a4 a6 13. a5 Qd8 14. Nc3 Bc6 15.
h5 Ne4 16. Qc1 f6 17. Bf4 Nxc3 18. bxc3 e5 19. Bh6 Qe7 20. Kf1 Rae8 21. Bd3 e4
22. Be2 Bxh6 23. Qxh6 g5 24. Rh3 Qg7 25. Qxg7+ Kxg7 26. h6+ Kg8 27. c4 Rc8 28.
c5 Rcd8 29. Rb1 f5 30. Rh5 g4 31. Rg5+ Kh8 32. Ke1 Rf6 33. Kd2 Rg8 34. Rh5 Rgg6
35. Rbh1 Kg8 36. g3 Kf7 37. Ke3 Ke6 38. Kf4 Ba4 39. Rb1 Bc6 40. Rb6 Kd7 41. c4
dxc4 42. Bxc4 Kc7 43. d5 Bd7 44. d6+ Kb8 45. Bxa6 Bc8 46. Bxb7 1-0

[Event "Lisieux-Gonfreville l'Orcher II"]
[Site "Lisieux"]
[Date "2008.02.10"]
[Round "7.4"]
[White "Lefebvre, Herve"]
[Black "Barbini, Denis"]
[Result "1-0"]
[WhiteElo "2253"]
[BlackElo "2129"]
[PlyCount "77"]
[EventDate "2008.10.02"]
[SourceDate "2007.10.25"]

1. e4 d6 2. d4 Nf6 3. Nc3 g6 4. f4 Bg7 5. Nf3 c5 6. Bb5+ Bd7 7. e5 Ng4 8. Bxd7+
Qxd7 9. d5 dxe5 10. h3 e4 11. hxg4 exf3 12. Qxf3 Na6 13. Bd2 Nb4 14. O-O-O
O-O-O 15. Ne4 Qa4 16. Bxb4 Qxb4 17. c3 Qc4 18. Ng5 Rd6 19. b3 Qa6 20. Kb2 Qa5
21. Ne4 Ra6 22. Ra1 c4 23. Nd2 b5 24. a4 b4 25. Nxc4 Bxc3+ 26. Kc2 Qc5 27. Ra2
Rd8 28. Rd1 Kb8 29. Kb1 Rf6 30. Re2 e6 31. d6 g5 32. f5 e5 33. Rd5 Qg1+ 34. Kc2
a6 35. Rdd2 Qc5 36. Rd5 Qg1 37. Na5 Rdxd6 38. Rxd6 Rxd6 39. Qb7# 1-0

[Event "Lisieux-Gonfreville l'Orcher II"]
[Site "Lisieux"]
[Date "2008.02.10"]
[Round "7.5"]
[White "Le Borgne, Pierre"]
[Black "Bacon, Nicolas"]
[Result "0-1"]
[WhiteElo "2224"]
[BlackElo "2270"]
[PlyCount "90"]
[EventDate "2008.10.02"]
[SourceDate "2007.10.25"]

1. e4 c5 2. Nf3 Nc6 3. Bb5 Nf6 4. Bxc6 bxc6 5. d3 g6 6. O-O Bg7 7. h3 O-O 8. c4
d6 9. Nc3 e5 10. Be3 a5 11. Qd2 Nh5 12. g4 f5 13. Bg5 Nf6 14. Nh2 f4 15. f3 Qe8
16. Na4 Nd7 17. Bh4 Bf6 18. Bf2 Qe7 19. Kg2 Bh4 20. Bxh4 Qxh4 21. Qf2 Qe7 22.
Rh1 Rf7 23. h4 h6 24. Nf1 Nf8 25. h5 g5 26. Nd2 Qc7 27. Rab1 Ne6 28. Nc3 Rb8
29. Ne2 Qd8 30. Qe1 Rfb7 31. b3 Nc7 32. Nf1 Be6 33. Nh2 Rb4 34. Qc3 a4 35. Nc1
Bc8 36. a3 R4b7 37. b4 Ne6 38. Rb2 Nd4 39. Rb1 Qb6 40. Ne2 Nb3 41. Nf1 cxb4 42.
axb4 Qxb4 43. Qxb4 Rxb4 44. Nd2 R8b7 45. Nxb3 a3 0-1

[Event "Lisieux-Gonfreville l'Orcher II"]
[Site "Lisieux"]
[Date "2008.02.10"]
[Round "7.6"]
[White "Theon, Pierre"]
[Black "Blanche, Paul"]
[Result "0-1"]
[WhiteElo "2127"]
[BlackElo "2168"]
[PlyCount "123"]
[EventDate "2008.10.02"]
[SourceDate "2007.10.25"]

1. e4 c5 2. Nf3 Nc6 3. Nc3 g6 4. Bb5 Bg7 5. O-O Nd4 6. Ba4 a6 7. Nxd4 cxd4 8.
Ne2 b5 9. Bb3 Bb7 10. d3 d5 11. f3 e5 12. Qe1 Ne7 13. Qh4 O-O 14. Bg5 f6 15.
Bd2 Kh8 16. a4 Qd6 17. Qe1 dxe4 18. Bb4 Qc7 19. fxe4 f5 20. axb5 axb5 21. Rxa8
Bxa8 22. Qh4 Bf6 23. Qh6 Bg7 24. Qh4 Bf6 25. Qh6 Bg7 26. Qh3 Bb7 27. exf5 Rxf5
28. Ng3 Rxf1+ 29. Kxf1 Bc8 30. Qh4 Nf5 31. Nxf5 gxf5 32. Qh5 Qd8 33. Qf7 Bd7
34. Bd6 Qe8 35. Qd5 Bc6 36. Qe6 Qxe6 37. Bxe6 f4 38. Kf2 Bf6 39. Bg4 Kg7 40.
Bf3 Bd7 41. Bd5 h6 42. Kf3 Kg6 43. Bb7 Kf5 44. Bb4 Bg5 45. Bd5 Bd8 46. c4 bxc4
47. dxc4 Ba4 48. Be4+ Ke6 49. Bf8 Bd1+ 50. Kf2 Bb3 51. c5 Bd5 52. Bh7 Bc6 53.
Bxh6 Kd5 54. g4 Bh4+ 55. Kf1 f3 56. Bd3 e4 57. Ba6 e3 58. b4 Ke4 59. h3 d3 60.
Bxe3 Kxe3 61. Bc4 d2 62. Bb3 0-1

[Event "Lisieux-Gonfreville l'Orcher II"]
[Site "Lisieux"]
[Date "2008.02.10"]
[Round "7.7"]
[White "Adyel, Samir"]
[Black "Charmeteau, Sven"]
[Result "1-0"]
[WhiteElo "2173"]
[BlackElo "2179"]
[PlyCount "87"]
[EventDate "2008.10.02"]
[SourceDate "2007.10.25"]

1. d4 Nf6 2. Nc3 d5 3. Bg5 Ne4 4. Nxe4 dxe4 5. Qd2 b6 6. e3 Qd5 7. Bf4 Ba6 8.
Ne2 Qd7 9. O-O-O e6 10. Nc3 f5 11. d5 Bxf1 12. Rhxf1 Na6 13. Qe2 Nc5 14. dxe6
Qxe6 15. Nb5 Qxa2 16. Nxc7+ Kf7 17. Nxa8 Qa1+ 18. Kd2 Qa5+ 19. c3 Nd3 20. Ra1
Qd5 21. Nc7 Qb3 22. Rfb1 Bb4 23. Nb5 Rd8 24. Qh5+ Kg8 25. Qh4 Rd5 26. Nd4 Nxb2
27. cxb4 Qxb4+ 28. Ke2 Qc4+ 29. Ke1 Nd3+ 30. Kd1 Qc3 31. Ke2 Qc4 32. Kd2 Nb4
33. Rc1 Rxd4+ 34. exd4 Qxd4+ 35. Ke1 h6 36. Kf1 Nd3 37. Be3 Qe5 38. g3 a5 39.
Qd8+ Kh7 40. Qxb6 f4 41. Bd4 Qh5 42. Rc7 Ne5 43. Bxe5 Qxe5 44. Qxa5 1-0

[Event "Lisieux-Gonfreville l'Orcher II"]
[Site "Lisieux"]
[Date "2008.02.10"]
[Round "7.8"]
[White "Ferry, Justine"]
[Black "Kancel, Sarah"]
[Result "1-0"]
[WhiteElo "1885"]
[BlackElo "1530"]
[PlyCount "107"]
[EventDate "2008.10.02"]
[SourceDate "2007.10.25"]

1. d4 Nf6 2. c4 e6 3. Nf3 Bb4+ 4. Bd2 Bxd2+ 5. Nbxd2 O-O 6. g3 Nc6 7. Bg2 d5 8.
O-O b6 9. Rc1 Bb7 10. a3 a5 11. e3 Rb8 12. Rc2 Ne7 13. Qc1 dxc4 14. Nxc4 Ba6
15. Rd1 Rc8 16. Nfe5 Nd7 17. Nxd7 Qxd7 18. Ne5 Qd6 19. Nc6 Nxc6 20. Bxc6 Rb8
21. Rdd2 Bb7 22. Rc3 Rfc8 23. Rdc2 g6 24. Rc4 b5 25. Rc5 Bxc6 26. Rxc6 Qd7 27.
Rxc7 Rxc7 28. Rxc7 Qd8 29. Qc5 Qe8 30. b4 a4 31. Kf1 Qd8 32. Qb6 Kf8 33. Rd7
Qe8 34. Qc7 Ra8 35. Qb7 Rd8 36. Rxd8 Qxd8 37. Qxb5 Qe8 38. Qxe8+ Kxe8 39. Ke2
Kd7 40. Kd3 Kc6 41. Kc4 h6 42. b5+ Kb6 43. Kb4 f6 44. Kxa4 h5 45. Kb4 g5 46. a4
Kb7 47. Kc5 g4 48. b6 f5 49. a5 Kb8 50. Kc6 Kc8 51. b7+ Kb8 52. Kb6 f4 53. a6
fxe3 54. a7# 1-0

[Event "Orleans-Echiquier Berry Sologne"]
[Site "Gien"]
[Date "2008.02.10"]
[Round "7.1"]
[White "Perrin, Guillaume"]
[Black "Bogdan, Lalic"]
[Result "1/2-1/2"]
[WhiteElo "2272"]
[BlackElo "2507"]
[PlyCount "30"]
[EventDate "2008.10.02"]
[SourceDate "2007.10.25"]

1. e4 e6 2. d4 d5 3. Nd2 Nf6 4. e5 Nfd7 5. Bd3 c5 6. c3 Nc6 7. Ne2 cxd4 8. cxd4
f6 9. exf6 Nxf6 10. Nf3 Bd6 11. O-O Qc7 12. g3 O-O 13. Bf4 Ng4 14. Bxd6 Qxd6
15. Nc3 g6 1/2-1/2

[Event "Orleans-Echiquier Berry Sologne"]
[Site "Gien"]
[Date "2008.02.10"]
[Round "7.2"]
[White "Cosma, Ioan"]
[Black "Spitz, Christophe"]
[Result "1-0"]
[WhiteElo "2451"]
[BlackElo "2157"]
[PlyCount "75"]
[EventDate "2008.10.02"]
[SourceDate "2007.10.25"]

1. d4 Nf6 2. Nf3 g6 3. g3 Bg7 4. Bg2 O-O 5. O-O d6 6. c4 Nc6 7. Nc3 a6 8. Qd3
Rb8 9. d5 Na7 10. a4 c5 11. e4 Qc7 12. Re1 b5 13. axb5 axb5 14. cxb5 Bd7 15. e5
Ng4 16. h3 Bf5 17. exd6 exd6 18. Qc4 Nf6 19. Bf4 Nc8 20. g4 Nb6 21. Qb3 Bd3 22.
Nd2 Rfe8 23. Bh2 Rxe1+ 24. Rxe1 Re8 25. Qd1 Qd7 26. g5 Rxe1+ 27. Qxe1 Ne8 28.
Nde4 Bxe4 29. Nxe4 Bxb2 30. Qa5 Nxd5 31. Qa2 Qxb5 32. Qxd5 Bd4 33. Bf1 Qb2 34.
Qa8 d5 35. Nf6+ Bxf6 36. Qxe8+ Kg7 37. gxf6+ Kxf6 38. Qh8+ 1-0

[Event "Orleans-Echiquier Berry Sologne"]
[Site "Gien"]
[Date "2008.02.10"]
[Round "7.4"]
[White "Webb, Laurence"]
[Black "Maurel, Jean Louis"]
[Result "1-0"]
[WhiteElo "2304"]
[BlackElo "1987"]
[PlyCount "97"]
[EventDate "2008.10.02"]
[SourceDate "2007.10.25"]

1. e4 g6 2. d4 Bg7 3. Nc3 c6 4. Bc4 d6 5. Qf3 e6 6. Nge2 Qe7 7. Bb3 e5 8. Bg5
f6 9. Be3 Nh6 10. h4 Ng4 11. h5 Nxe3 12. fxe3 Be6 13. O-O-O Bxb3 14. cxb3 Nd7
15. Kb1 O-O-O 16. h6 Bf8 17. d5 c5 18. g4 Kb8 19. Nb5 Rc8 20. Na3 Qd8 21. Nc3
a6 22. Rc1 Be7 23. Rhf1 Rf8 24. Nc4 b5 25. Nd2 Nb6 26. Qe2 Ka7 27. a4 b4 28.
Nd1 Qd7 29. a5 Na8 30. Nc4 Rf7 31. Nf2 Rcf8 32. Ka2 f5 33. gxf5 gxf5 34. Rg1 f4
35. exf4 Rxf4 36. Nd3 R4f7 37. Rcf1 Nc7 38. Rxf7 Rxf7 39. Rg7 Bf8 40. Rxf7 Qxf7
41. Qg4 Kb7 42. Qg7 Qe7 43. Qg8 Nb5 44. Nb6 Na7 45. Nf2 Nc8 46. Nxc8 Kxc8 47.
Ng4 Kd7 48. Ne3 Ke8 49. Nf5 1-0

[Event "Orleans-Echiquier Berry Sologne"]
[Site "Gien"]
[Date "2008.02.10"]
[Round "7.5"]
[White "Vaillant, Stephane"]
[Black "Chaumont, Adeline"]
[Result "1/2-1/2"]
[WhiteElo "2015"]
[BlackElo "2063"]
[PlyCount "111"]
[EventDate "2008.10.02"]
[SourceDate "2007.10.25"]

1. d4 d5 2. Nf3 Nf6 3. c4 c6 4. Nc3 e6 5. cxd5 exd5 6. Bg5 h6 7. Bh4 Be7 8. Qc2
O-O 9. e3 Ne4 10. Bxe7 Qxe7 11. Bd3 Re8 12. O-O Nd7 13. Rab1 Ndf6 14. b4 Nxc3
15. Qxc3 Ne4 16. Qc2 a6 17. a4 Bf5 18. Nd2 Qg5 19. Nf3 Qf6 20. b5 cxb5 21. axb5
Rac8 22. Qb2 Nc3 23. Bxf5 Qxf5 24. bxa6 Nxb1 25. axb7 Rb8 26. Rxb1 Re7 27. Qa2
Kh7 28. h3 Rexb7 29. Rxb7 Rxb7 30. Kh2 f6 31. Nh4 Qe4 32. Nf3 Rc7 33. Ne1 Rc1
34. Qd2 Ra1 35. Kg3 Qg6+ 36. Kh2 Qe4 37. Kg3 h5 38. Qe2 h4+ 39. Kh2 Kg8 40. Nd3
Qe8 41. Nf4 Ra5 42. Qg4 g5 43. Ne6 Qb8+ 44. g3 Ra2 45. Kg2 Qb2 46. Qf5 Qc2 47.
Qxc2 Rxc2 48. gxh4 gxh4 49. Nf4 Kf7 50. Nxd5 Rd2 51. Kf3 f5 52. Nf4 Kf6 53.
Nd5+ Kg5 54. Nf4 Kf6 55. Nd5+ Kg5 56. Nf4 1/2-1/2

[Event "Orleans-Echiquier Berry Sologne"]
[Site "Gien"]
[Date "2008.02.10"]
[Round "7.6"]
[White "Pouillot, Eric"]
[Black "Teixeira, Antonio"]
[Result "1-0"]
[WhiteElo "2066"]
[BlackElo "1899"]
[PlyCount "99"]
[EventDate "2008.10.02"]
[SourceDate "2007.10.25"]

1. e4 c5 2. Nf3 d6 3. d4 cxd4 4. Nxd4 Nf6 5. Nc3 a6 6. Be3 Nc6 7. f3 g6 8. Qd2
Bg7 9. O-O-O O-O 10. g4 Nxd4 11. Bxd4 Be6 12. Kb1 b5 13. h4 b4 14. Nd5 Bxd5 15.
exd5 Rb8 16. h5 Qa5 17. Bxf6 Bxf6 18. hxg6 fxg6 19. Qe3 Be5 20. Bd3 Rf4 21. Be4
Kg7 22. Qf2 Rf7 23. Qh4 Kg8 24. f4 b3 25. axb3 Bg7 26. Qxh7+ Kf8 27. Qxg6 Rf6
28. Qg5 Rb4 29. Bf5 Qb6 30. Be6 Rxe6 31. dxe6 Qb5 32. Qxb5 axb5 33. Rdf1 Rd4
34. g5 Rd2 35. f5 Be5 36. f6 Rg2 37. Rf5 exf6 38. gxf6 Rg6 39. e7+ Kf7 40. Rxe5
Rg8 41. Rxb5 Kxf6 42. Ra5 Kxe7 43. c4 Ke6 44. b4 Rg3 45. Ka2 Rg4 46. b3 Rg2+
47. Ka3 Rg8 48. b5 Ra8 49. b4 Ke7 50. b6 1-0

[Event "Orleans-Echiquier Berry Sologne"]
[Site "Gien"]
[Date "2008.02.10"]
[Round "7.7"]
[White "Bernardin, Thierry"]
[Black "Senderovic, Salko"]
[Result "1/2-1/2"]
[WhiteElo "1983"]
[BlackElo "2093"]
[PlyCount "78"]
[EventDate "2008.10.02"]
[SourceDate "2007.10.25"]

1. d4 d5 2. e3 Nf6 3. Bd3 g6 4. f4 Bg7 5. Nf3 Nbd7 6. O-O O-O 7. Qe1 c5 8. c3
c4 9. Bc2 b5 10. Nbd2 Nb6 11. Ne5 Qd6 12. e4 dxe4 13. Nxe4 Nxe4 14. Bxe4 Nd5
15. a4 f6 16. Nf3 bxa4 17. Rxa4 e6 18. Rf2 Ba6 19. Re2 Bb5 20. Ra5 a6 21. Qd2
Rae8 22. Ne1 Nc7 23. Nc2 e5 24. Ra1 exd4 25. Qxd4 Qxd4+ 26. Nxd4 f5 27. Nxb5
axb5 28. Bf3 Rxe2 29. Bxe2 Ra8 30. Rxa8+ Nxa8 31. Be3 Bf8 32. Bf3 Nc7 33. Bb6
Ne6 34. Bd5 Kf7 35. Kf2 Bd6 36. Kf3 Ke7 37. g3 Kd7 38. h3 h6 39. Be3 Be7
1/2-1/2

[Event "Quimper-Rennes Paul Bert"]
[Site "Quimper"]
[Date "2008.02.10"]
[Round "7.1"]
[White "Bleunven, Andre"]
[Black "Monroy, Charles"]
[Result "0-1"]
[WhiteElo "2274"]
[BlackElo "2380"]
[PlyCount "100"]
[EventDate "2008.02.10"]
[SourceDate "2007.10.25"]

1. d4 Nf6 2. c4 e6 3. Nc3 Bb4 4. Qc2 O-O 5. a3 Bxc3+ 6. Qxc3 Qe8 7. f3 d6 8. e4
e5 9. Be3 a5 10. Bd3 Nbd7 11. Ne2 a4 12. O-O b6 13. Kh1 Bb7 14. Bc2 Ra5 15. Ng3
exd4 16. Bxd4 Qe6 17. Bd3 Ne5 18. Be2 Re8 19. Rac1 Bc8 20. Qd2 Ba6 21. Qc2 Bb7
22. Bc3 Raa8 23. Nf5 Ng6 24. Qd2 Ne7 25. Nd4 Qd7 26. Nb5 Ng6 27. Rcd1 Nh5 28.
Rfe1 Nhf4 29. Bf1 f6 30. g3 Ne6 31. Bh3 Qf7 32. Qe2 Nc5 33. Kg1 Ne5 34. Bf1 Re7
35. Bd4 Ne6 36. Bc3 Ng5 37. Bg2 Qxc4 38. f4 Qxe2 39. Rxe2 Ba6 40. fxe5 Bxb5 41.
exd6 Bxe2 42. Re1 cxd6 43. Rxe2 Rae8 44. Rd2 Nxe4 45. Bxe4 Rxe4 46. Rxd6 R8e6
47. Rd8+ Kf7 48. Rb8 Re2 49. Rb7+ Kg6 50. Rc7 Rd6 0-1

[Event "Quimper-Rennes Paul Bert"]
[Site "Quimper"]
[Date "2008.02.10"]
[Round "7.2"]
[White "Demanghon, Jonathan"]
[Black "Jolly, Jean Francois"]
[Result "0-1"]
[WhiteElo "2221"]
[BlackElo "2290"]
[PlyCount "64"]
[EventDate "2008.02.10"]
[SourceDate "2007.10.25"]

1. d4 Nf6 2. c4 g6 3. Nc3 Bg7 4. e4 d6 5. f3 O-O 6. Bg5 a6 7. Qd2 Nc6 8. d5 Ne5
9. Rc1 c5 10. f4 Ned7 11. Nf3 Qc7 12. Bd3 e6 13. O-O exd5 14. exd5 b5 15. b3 b4
16. Nd1 h6 17. Bh4 a5 18. Nf2 a4 19. g4 axb3 20. axb3 Ra3 21. Bc2 Nb6 22. h3
Nxc4 23. bxc4 Rxf3 24. Bd3 Ba6 25. Kg2 Rxd3 26. Qxd3 Nxd5 27. Ne4 Bd4 28. Rf3
Nc3 29. Rxc3 bxc3 30. Bf6 d5 31. Qxd4 cxd4 32. Be5 Qxe5 0-1

[Event "Quimper-Rennes Paul Bert"]
[Site "Quimper"]
[Date "2008.02.10"]
[Round "7.3"]
[White "Bollore, Jacques"]
[Black "Rivet, Gilles"]
[Result "1/2-1/2"]
[WhiteElo "2119"]
[BlackElo "2101"]
[PlyCount "69"]
[EventDate "2008.02.10"]
[SourceDate "2007.10.25"]

1. e4 e5 2. Nf3 Nf6 3. d4 Nxe4 4. Bd3 d5 5. Nxe5 Bd6 6. O-O O-O 7. f3 Bxe5 8.
dxe5 Nc5 9. Be2 c6 10. Be3 b6 11. b4 Ne6 12. c3 f6 13. exf6 Qxf6 14. f4 Qe7 15.
Bc1 Nd7 16. g3 Bb7 17. Re1 Nf6 18. Nd2 Qd6 19. Nc4 Qc7 20. Ne5 Nd8 21. Bd3 Nf7
22. c4 Nxe5 23. fxe5 Ne4 24. Bf4 Qe7 25. Bxe4 dxe4 26. Qd6 Qxd6 27. exd6 c5 28.
bxc5 bxc5 29. Red1 Rad8 30. Rab1 Rd7 31. Be3 Rc8 32. Rb5 Ba6 33. Rxc5 Rxc5 34.
Bxc5 Bxc4 35. a3 1/2-1/2

[Event "Quimper-Rennes Paul Bert"]
[Site "Quimper"]
[Date "2008.02.10"]
[Round "7.4"]
[White "Le Montagner, Yoann"]
[Black "Bodenez, Claire"]
[Result "1-0"]
[WhiteElo "2026"]
[BlackElo "2042"]
[PlyCount "97"]
[EventDate "2008.02.10"]
[SourceDate "2007.10.25"]

1. e4 d5 2. d4 dxe4 3. Nc3 e5 4. d5 Nf6 5. a3 h6 6. Be3 a6 7. f3 exf3 8. Qxf3
Bd6 9. Bd3 Bg4 10. Qf2 Nbd7 11. h3 Bh5 12. Nf3 Bxf3 13. Qxf3 Qe7 14. O-O Nc5
15. Bf5 e4 16. Qf2 Nh5 17. b4 Qe5 18. g4 Qxc3 19. bxc5 Bg3 20. Qe2 Nf6 21. Rab1
g6 22. Rb4 Qxa3 23. Rb3 Qa5 24. Bxg6 fxg6 25. Rxf6 O-O-O 26. c6 b6 27. c4 Bd6
28. Rxg6 Bc5 29. Re6 Rde8 30. Rxe8+ Rxe8 31. Kg2 Bxe3 32. Qxe3 Qa2+ 33. Kg3 Rg8
34. Kh4 Qa1 35. Rc3 Re8 36. d6 cxd6 37. Qxb6 Qe1+ 38. Rg3 Re7 39. Qxa6+ Kb8 40.
Qb6+ Kc8 41. Qa6+ Kb8 42. Qa3 Rh7 43. Qxd6+ Kc8 44. Qa3 Qf2 45. Qa8+ Kc7 46.
Qb7+ Kd6 47. Qxh7 Qf6+ 48. g5 hxg5+ 49. Kh5 1-0

[Event "Quimper-Rennes Paul Bert"]
[Site "Quimper"]
[Date "2008.02.10"]
[Round "7.5"]
[White "Huguet, Francois"]
[Black "Favarel, Camille"]
[Result "0-1"]
[WhiteElo "2070"]
[BlackElo "2098"]
[PlyCount "62"]
[EventDate "2008.02.10"]
[SourceDate "2007.10.25"]

1. d4 Nf6 2. c4 e6 3. Nc3 Bb4 4. e3 b6 5. Bd3 Bb7 6. f3 O-O 7. Nge2 c5 8. O-O
Nc6 9. Qc2 h6 10. a3 Bxc3 11. Qxc3 d6 12. b4 Rc8 13. Bb2 Qe7 14. b5 Na5 15.
dxc5 Rxc5 16. a4 Rfc8 17. Rfc1 Qc7 18. Ba3 Nd5 19. Qb2 Nxc4 20. Bxc4 Rxc4 21.
Rxc4 Qxc4 22. e4 Qd3 23. Ra2 Nc3 24. Nxc3 Rxc3 25. h3 d5 26. Qb4 Kh7 27. Ra1
Rc4 28. Qe1 dxe4 29. Bb2 exf3 30. Qe5 f6 31. Qxe6 f2+ 0-1

[Event "Quimper-Rennes Paul Bert"]
[Site "Quimper"]
[Date "2008.02.10"]
[Round "7.6"]
[White "Le Bail, Clara"]
[Black "Cadiou, Jacques"]
[Result "0-1"]
[WhiteElo "2035"]
[BlackElo "1992"]
[PlyCount "72"]
[EventDate "2008.02.10"]
[SourceDate "2007.10.25"]

1. e4 e5 2. Nf3 Nc6 3. Bb5 a6 4. Bxc6 dxc6 5. O-O f6 6. d4 exd4 7. Nxd4 c5 8.
Ne2 Qxd1 9. Rxd1 Bd7 10. Bf4 O-O-O 11. Nbc3 Re8 12. f3 Be7 13. Nd5 Bd8 14. Be3
b6 15. a4 a5 16. Nec3 Ne7 17. Rd2 Nxd5 18. Nxd5 f5 19. e5 Rxe5 20. Bf4 Re6 21.
b3 Rhe8 22. Kf1 g5 23. Bg3 f4 24. Bf2 Rh6 25. h3 Bf5 26. Rad1 Rd6 27. h4 h6 28.
hxg5 hxg5 29. g3 Rxd5 30. Rxd5 Bxc2 31. R1d2 Bxb3 32. Rf5 Be6 33. Rfd5 Bxd5 34.
Rxd5 Rf8 35. Ke2 Be7 36. Re5 Kd7 0-1

[Event "Quimper-Rennes Paul Bert"]
[Site "Quimper"]
[Date "2008.02.10"]
[Round "7.7"]
[White "Baudon, Andrew"]
[Black "Jegourel, Cyrille"]
[Result "1-0"]
[WhiteElo "1926"]
[BlackElo "2039"]
[PlyCount "93"]
[EventDate "2008.02.10"]
[SourceDate "2007.10.25"]

1. e4 e6 2. d4 d5 3. exd5 exd5 4. Nf3 Bg4 5. Nc3 Bb4 6. Bf4 Nc6 7. Be2 Qf6 8.
Be5 Nxe5 9. dxe5 Qc6 10. Qd4 Bxc3+ 11. bxc3 Bf5 12. Qb4 Qb6 13. Nd4 Qxb4 14.
cxb4 Ne7 15. O-O-O Bg6 16. h4 h6 17. h5 Bh7 18. g4 O-O 19. f4 Be4 20. Rhg1 a5
21. b5 c6 22. bxc6 bxc6 23. Bd3 Bxd3 24. Rxd3 c5 25. Nf5 Nxf5 26. gxf5 f6 27.
Rxd5 fxe5 28. Rxe5 Rac8 29. Rd1 Rf7 30. Rdd5 Rfc7 31. Kd2 c4 32. Rxa5 c3+ 33.
Ke3 Rc4 34. Re4 R4c6 35. a4 Rb6 36. Rb5 Rd6 37. Rd4 Ra6 38. a5 Rac6 39. Rb6 Rc5
40. a6 Ra5 41. Rd7 Ra1 42. a7 Re1+ 43. Kf2 Rce8 44. Rb8 R1e2+ 45. Kf3 R2e3+ 46.
Kg4 Kh7 47. Rdd8 1-0

[Event "Quimper-Rennes Paul Bert"]
[Site "Quimper"]
[Date "2008.02.10"]
[Round "7.8"]
[White "Bleuzen, Erwan"]
[Black "Brient, Yoann"]
[Result "1-0"]
[WhiteElo "2022"]
[BlackElo "1871"]
[PlyCount "79"]
[EventDate "2008.02.10"]
[SourceDate "2007.10.25"]

1. d4 Nf6 2. c4 g6 3. Nc3 Bg7 4. e4 d6 5. Nf3 O-O 6. Be2 Bg4 7. O-O Nfd7 8. h3
Bxf3 9. Bxf3 Nc6 10. Be3 e5 11. d5 Nd4 12. b4 f5 13. Bxd4 exd4 14. Nb5 fxe4 15.
Bxe4 Qh4 16. f3 Nf6 17. Qe1 Qxe1 18. Raxe1 Rf7 19. Nxd4 Re8 20. Ne6 Nd7 21.
Nxc7 Rc8 22. Nb5 Be5 23. f4 Bxf4 24. Rxf4 Rxf4 25. Nxd6 Rd8 26. g3 Rff8 27.
Nxb7 Rb8 28. d6 Kg7 29. Bg2 Rf6 30. c5 a6 31. c6 Rxb7 32. cxb7 Nb8 33. Re7+ Kh6
34. Re8 Nd7 35. b8=Q Nxb8 36. Rxb8 Rxd6 37. a4 Rd2 38. b5 axb5 39. axb5 Kh5 40.
b6 1-0

[Event "Gif sur Yvette-Evry Grand Roque II"]
[Site "Evry"]
[Date "2008.02.10"]
[Round "7.1"]
[White "Kulaots, Kaido"]
[Black "Bergez, Luc"]
[Result "1-0"]
[WhiteElo "2533"]
[BlackElo "2370"]
[PlyCount "121"]
[EventDate "2008.02.10"]
[SourceDate "2007.10.25"]

1. e4 d5 2. exd5 Nf6 3. d4 Nxd5 4. Nf3 Bf5 5. Be2 e6 6. O-O Be7 7. a3 O-O 8. c4
Nf6 9. Nc3 Ne4 10. Bf4 Nxc3 11. bxc3 c5 12. Ra2 Bd6 13. Be3 Qe7 14. Rd2 cxd4
15. cxd4 Bxa3 16. d5 exd5 17. Rxd5 Be6 18. Rh5 Nc6 19. Qa1 h6 20. Bxh6 gxh6 21.
Rxh6 f6 22. Bd3 Bd6 23. Re1 Rf7 24. c5 Bxc5 25. Qc1 Qd6 26. Rxe6 Qxe6 27. Bc4
Qf5 28. h3 Bb6 29. Rh4 Bc7 30. Rg4+ Kf8 31. Bxf7 Kxf7 32. Qc4+ Ke7 33. Rg7+ Kd6
34. Nd4 Qb1+ 35. Kh2 a6 36. Nxc6 Qb5 37. Qf4+ Kxc6 38. Qxc7+ Kd5 39. Qf7+ Ke5
40. Qe7+ Kd5 41. Qd8+ Kc4 42. Rc7+ Kb3 43. Qd1+ Kb4 44. Qd4+ Ka5 45. Rc5 Qxc5
46. Qxc5+ b5 47. h4 Rh8 48. h5 Ka4 49. g4 a5 50. Qc2+ Ka3 51. Qc3+ Ka4 52. Qxf6
Rc8 53. h6 b4 54. h7 b3 55. Qa1+ Kb4 56. h8=R Rxh8+ 57. Qxh8 a4 58. g5 a3 59.
Qd4+ Kb5 60. Qc3 b2 61. Qb3+ 1-0

[Event "Gif sur Yvette-Evry Grand Roque II"]
[Site "Evry"]
[Date "2008.02.10"]
[Round "7.2"]
[White "Justo, Damian"]
[Black "Dubois, Jean Marie"]
[Result "0-1"]
[WhiteElo "2329"]
[BlackElo "2280"]
[PlyCount "118"]
[EventDate "2008.02.10"]
[SourceDate "2007.10.25"]

1. d4 d5 2. c4 Nc6 3. Nf3 Bg4 4. Nc3 dxc4 5. d5 Bxf3 6. exf3 Ne5 7. Bf4 Ng6 8.
Bg3 e5 9. dxe6 fxe6 10. Bxc4 Qxd1+ 11. Rxd1 e5 12. O-O Bd6 13. Rfe1 N8e7 14.
Bb5+ Nc6 15. Bxe5 Ngxe5 16. Bxc6+ bxc6 17. f4 O-O 18. fxe5 Bc5 19. Ne4 Bb6 20.
Re2 Rae8 21. Ng5 Rf5 22. Nf3 g5 23. h3 Kg7 24. Rd7+ Kg6 25. e6 Rd5 26. Ne5+ Kf6
27. Ng4+ Kg6 28. Ne5+ Kf6 29. Ng4+ Kg6 30. Rxh7 Rd1+ 31. Kh2 Kxh7 32. Nf6+ Kg6
33. Nxe8 Rd8 34. Nxc7 Bxc7+ 35. g3 c5 36. Re4 Re8 37. h4 gxh4 38. Rxh4 Rxe6 39.
Rg4+ Kf6 40. Ra4 Bb6 41. Rf4+ Kg5 42. b3 Re2 43. a4 Rb2 44. Kh3 Rxb3 45. Rf8
Rd3 46. f4+ Kg6 47. Rc8 Ra3 48. Kg4 Rxa4 49. Rc6+ Kf7 50. Kf5 Rd4 51. g4 Rd5+
52. Ke4 Rd7 53. g5 Rc7 54. Rf6+ Kg7 55. f5 c4 56. Rh6 c3 57. f6+ Kf7 58. Ke5
Rc5+ 59. Kf4 Rxg5 0-1